Central Library and Information Centre
Sibsagar Girls' College, Sivasagar : Assam

MADHABDEV-HIS LIFE, ART AND THROUGHT (Record no. 3310)

MARC details
000 -LEADER
fixed length control field 00413cam a2200169ua 4500
008 - FIXED-LENGTH DATA ELEMENTS--GENERAL INFORMATION
fixed length control field 131203n2005 II |||gr||||Z||||||eng
040 ## - CATALOGING SOURCE
Original cataloging agency MAIN
041 ## - LANGUAGE CODE
-- English
082 ## - DEWEY DECIMAL CLASSIFICATION NUMBER
Classification number 891.451 DEK
100 ## - MAIN ENTRY--PERSONAL NAME
Personal name DEKA HAZARIKA, KARABI.
245 ## - TITLE STATEMENT
Title MADHABDEV-HIS LIFE, ART AND THROUGHT
260 ## - PUBLICATION, DISTRIBUTION, ETC.
Place of publication, distribution, etc. GUWAHATI
Name of publisher, distributor, etc. BANI MANDIR
Date of publication, distribution, etc. 2005
300 ## - PHYSICAL DESCRIPTION
Extent 199:
Dimensions 21CM.
942 ## - ADDED ENTRY ELEMENTS (KOHA)
Koha item type Books
653 ## - INDEX TERM--UNCONTROLLED
Uncontrolled term ASSAMESE LITERATURE
Holdings
Withdrawn status Lost status Damaged status Not for loan Collection code Home library Current library Shelving location Date acquired Full call number Barcode Date last seen Copy number Price effective from Koha item type Public note
        REFASM Central Library and Information Centre Sibsagar Girls College Central Library and Information Centre Sibsagar Girls College Sankardev Studies 01.08.2006 891.451 DEK 21155 27.02.2020 1 27.02.2020 Books V


Sibsagar Girl's College © 2020. All rights reserved.
Powered by Koha.
Maintained by Abhijit Borpuzari.